Rok v lese Uspávanka / (Záznam č. 34217)

Podrobnosti MARC
000 -Návěští
Řídící pole kódované 24B 01844nam a2200457 i 4500
001 - Kontrolní číslo
Řídící pole proměnné 5234056
003 - Identifikátor kontrolního čísla
Řídící pole proměnné CZ PrSKC
005 - Datum posledního zpracování
Řídící pole 16B 20260428082335.0
007 - Pole pevné délky pro fyzický popis
Řídící pole kódované ta
008 - Údaje pevné délky
Řídící pole kódované 40B 260423s2026 xr a a 000 u cze
020 ## - ISBN
ISBN 9788027529308
040 ## - Zdroj katalogizace-agentura
Agentura původní katalogizace ABG001
Jazyk katalogizace cze
Použitá pravidla popisu rda
041 1# - Kód jazyka
Kód jazyka textu/zvuku, mezititulků cze
Kód jazyka originálu pol
072 #7 - Kód předmětové kategorie - Konspekt
Předmětová kategorie 821-93-053.4
Zpřesnění předmětové kategorie Literatura pro nejmenší děti
Zdroj předmětové klasifikace Konspekt
080 ## - MDT
Klasifikační znak MDT 821-193
Idetifikátor vydání MDT MRF
080 ## - MDT
Klasifikační znak MDT 821-93-053.4
Idetifikátor vydání MDT MRF
080 ## - MDT
Klasifikační znak MDT (0.025.2)
Idetifikátor vydání MDT MRF
100 1# - Hlavní záhlaví - osobní jméno autora
Osobní jméno Plebański, Tomasz
Kód role aut
9 (RLIN) 20712
240 10 - Unifikovaný název
Unifikovaný název <a href="Zasypianka.">Zasypianka.</a>
Jazyk díla Česky
245 10 - Údaje o názvu
Název Rok v lese Uspávanka /
Název části/sekce díla Uspávanka /
Údaj o odpovědností, atd. Tomasz Plebański, Emilia Dziubaková
246 30 - Variantní vázvy
Hlavní název/zkrácený název Uspávanka
250 ## - Údaje o vydání
Označení vydání První vydání
264 #1 - Nakladatelské údaje
Místo vydání Brno :
Nakladatel Host,
Rok vydání 2026
300 ## - Fyzický popis
Rozsah 26 nečíslovaných stran :
další fyzické údaje barevné ilustrace ;
Rozměry 17 x 20 cm
500 ## - Všeobecná poznámka
Text obecné poznámky Kartonové listy
500 ## - Všeobecná poznámka
Text obecné poznámky Text Tomasz Plebański, ilustrace Emilia Dziubaková
500 ## - Všeobecná poznámka
Text obecné poznámky Z polštiny přeložil Michael Alexa
520 2# - Anotace
Anotace, atd. Obrázková knížka s celostránkovými ilustracemi na pevných listech, o putování malého ptáčka lesem, pro všechny děti ke klidnému usínání.
Rozšířený text anotace Zvídavá straka prochodí celý les, aby nakoukla do všech pelíšků se spícími zvířátky, až se i jí nakonec začnou klížit očka. Zábavná veršovánka k usínání tematicky navazuje na oblíbenou knihu od stejné ilustrátorky: Rok v lese.
655 #7 - Rejstříkový termín - žánr/forma
Žánr/forma či základní termín říkadla
-- 478
655 #7 - Rejstříkový termín - žánr/forma
Žánr/forma či základní termín leporela
-- 906
655 #7 - Rejstříkový termín - žánr/forma
Žánr/forma či základní termín publikace pro nejmenší děti
-- 9680
655 #9 - Rejstříkový termín - žánr/forma
Žánr/forma či základní termín children's poetry
-- 479
655 #9 - Rejstříkový termín - žánr/forma
Žánr/forma či základní termín folding picture-books
-- 7353
655 #9 - Rejstříkový termín - žánr/forma
Žánr/forma či základní termín publications for small children
-- 9681
700 1# - Vedlejší záhlaví - osobní jméno autora
Osobní jméno Dziubak, Emilia,
Datumy související se jménem 1982-
Kód role ill
9 (RLIN) 5086
700 1# - Vedlejší záhlaví - osobní jméno autora
Osobní jméno Alexa, Michael,
Datumy související se jménem 1989-
Kód role trl
710 2# - Vedlejší záhlaví - jméno korporativního autora
Jméno korporace nebo jurisdikce Host (vydavatelství)
Kód role pbl
765 1# - Záhlaví v originálním jazyce
Název Rok w lesie
910 ## - Údaje o vlastníkovi jednotky (exempláře)
Sigla vlastníka jednotky ABG508
Jednotky
Stav ztráty Zdroj klasifikace pro skladování Stav poškození
  Universal Decimal Classification  

Používáme knihovní systém Koha